Liquefied Natural Gas (LNG) Import Terminals : Siting, Safety and Regulation.

Reviews adequacy of safety provisions in Federal liquefied natural gas (LNG) siting regulations. Covers safety hazards from LNG terminals, safety regulations in onshore LNG siting, recent safety issues in LNG terminal siting, and policy options for Congress.

Bibliographic Details
Corporate Authors: Library of Congress. Congressional Research Service, ProQuest (Firm)
Format: eBook
Language:English
Published: [Place of publication not identified] : [publisher not identified], 2005.
Series:U.S. Congressional Research.
Subjects:
Online Access:Connect to the full text of this electronic book

MARC

Tag First Indicator Second Indicator Subfields
LEADER 00000cam a22000001a 4500
001 in00003304321
006 m d f
007 cr bn mmmapmmp
008 101207s2005 dcu o f000 0 eng d
005 20260429184750.6
035 |a cis2007852362 
040 |a ProQuest  |c ProQuest  |d UtOrBLW 
043 |a n-us--- 
099 |a CRS-2005-RSI-0890 
110 2 |a Library of Congress.  |b Congressional Research Service. 
245 1 0 |a Liquefied Natural Gas (LNG) Import Terminals :  |b Siting, Safety and Regulation. 
264 1 |a [Place of publication not identified] :  |b [publisher not identified],  |c 2005. 
300 |a 1 online resource. 
336 |a text  |b txt  |2 rdacontent 
337 |a computer  |b c  |2 rdamedia 
338 |a online resource  |b cr  |2 rdacarrier 
500 |a Record is based on bibliographic data in ProQuest U.S. Congressional Research Digital Collection (last viewed Dec. 2010). Reuse except for individual research requires license from ProQuest, LLC. 
500 |a CRS Report. 
520 |a Reviews adequacy of safety provisions in Federal liquefied natural gas (LNG) siting regulations. Covers safety hazards from LNG terminals, safety regulations in onshore LNG siting, recent safety issues in LNG terminal siting, and policy options for Congress. 
500 |a Electronic resource. 
650 0 |a Power resources  |x Law and legislation. 
650 0 |a Industrial accidents. 
650 0 |a Liquefied natural gas. 
655 7 |a Electronic books.  |2 local 
710 2 |a ProQuest (Firm) 
776 0 8 |i Microfiche version:   |a Library of Congress. Congressional Research Service.  |t Liquefied Natural Gas (LNG) Import Terminals 
830 0 |a U.S. Congressional Research. 
856 4 0 |u http://proxy.library.tamu.edu/login?url=https://congressional.proquest.com/congcomp/getdoc?CRDC-ID=CRS-2005-RSI-0890  |z Connect to the full text of this electronic book  |t 0 
999 |a MARS 
999 f f |s e0de08fe-9053-3567-bb72-12526a05e595  |i 1abb1415-ef09-36bf-b37a-31743330fa3d  |t 0 
952 f f |a Texas A&M University  |b College Station  |c Electronic Resources  |s www_evans  |d Available Online  |t 0  |e CRS-2005-RSI-0890  |h Other scheme 
998 f f |a CRS-2005-RSI-0890  |t 0  |l Available Online